00494nam a2200193 a 4500001001300000003000900013005001700022008004100039020001000080082001800090100001700108245004900125260004800174300000800222500003500230505000800265650001000273700001700283nice12345678IN_TiNIC20260116011834.0050524s1928 laha grp 000 0 urd  ac0.500a294.5921bSIN aSingh, Kewal aKeya Ved Ilhami Hain? Are the Vedas Ispired? aLahorebPunjab Religious Booksociety c1928 a32p aincludes index and biblioraphy2 aApp aVedas1 aSingh, Kewal